[Event "First Saturday 2010 oktober GM"]
[Site "Budapest"]
[Date "2010.10.02"]
[Round "1"]
[White "Natsidis, Christoph"]
[Black "Banusz, Tamas"]
[Result "0-1"]
[WhiteElo "2318"]
[BlackElo "2550"]
[PlyCount "150"]
[EventDate "2010.10.02"]

1. d4 Nf6 2. c4 e6 3. Nf3 d5 4. g3 dxc4 5. Bg2 a6 6. O-O b5 7. Ne5 Nd5 8. a4
Bb7 9. b3 c3 10. e4 b4 11. exd5 Bxd5 12. Qh5 g6 13. Qh3 c6 14. Nxc3 bxc3 15.
Bh6 Bxg2 16. Kxg2 Qd5+ 17. Kg1 Nd7 18. Bxf8 Rxf8 19. Nxd7 Kxd7 20. Rfc1 Qxb3
21. Qf1 Rfb8 22. Qd3 c2 23. Qe4 Qd5 24. Qf4 Qf5 25. Qxf5 gxf5 26. Rxc2 Rb4 27.
a5 Rxd4 28. Rb1 Ra7 29. Rb6 Rd5 30. Rbxc6 Rxa5 31. R6c4 Ra1+ 32. Kg2 a5 33. Rh4
a4 34. Rxh7 Kd6 35. Rh4 a3 36. Rd4+ Ke5 37. Rcc4 Rb1 38. Ra4 Rbb7 39. Rdb4 Rxa4
40. Rxa4 Rb3 41. h4 Kf6 42. Ra6 Kg7 43. Ra4 e5 44. Ra5 f6 45. Ra8 Rc3 46. Ra4
Kg6 47. Ra5 e4 48. Ra8 f4 49. gxf4 Kh5 50. f5 Kxh4 51. Ra4 Kg5 52. Rxe4 Kxf5
53. Ra4 Ke5 54. Kf1 Kd5 55. Ke2 Kc5 56. Kd2 Rf3 57. Ke2 Rh3 58. f4 Kb5 59. Ra8
Kb4 60. Kd2 Rf3 61. Rb8+ Kc4 62. Rc8+ Kd4 63. Ra8 Ke4 64. Ra4+ Kf5 65. Ke2 Rh3
66. Kf2 Kg4 67. Kg2 f5 68. Kf2 Rb3 69. Ke1 Kg3 70. Kd1 Re3 71. Kd2 Kf3 72. Kd1
Kg4 73. Kd2 Rh3 74. Ke2 a2 75. Kf2 Rh1 0-1

[Event "First Saturday 2010 oktober GM"]
[Site "Budapest"]
[Date "2010.10.02"]
[Round "1"]
[White "Hagen, Andreas"]
[Black "Wittmann, Walter"]
[Result "1/2-1/2"]
[WhiteElo "2311"]
[BlackElo "2303"]
[PlyCount "40"]
[EventDate "2010.10.02"]

1. d4 d5 2. c4 e6 3. Nf3 Nf6 4. g3 dxc4 5. Bg2 Nc6 6. Qa4 Bb4+ 7. Bd2 Bxd2+ 8.
Nbxd2 O-O 9. Qxc4 Bd7 10. O-O Rc8 11. b4 Nd5 12. a3 a5 13. e4 Nb6 14. Qc5 Ra8
15. b5 Na7 16. Rab1 Na4 17. Qc4 Nb6 18. Qc5 Na4 19. Qc2 Nb6 20. Qc5 Na4 1/2-1/2

[Event "First Saturday 2010 oktober GM"]
[Site "Budapest"]
[Date "2010.10.02"]
[Round "1"]
[White "Kislik, Erik A"]
[Black "Lorand, Norbert"]
[Result "0-1"]
[WhiteElo "2357"]
[BlackElo "2369"]
[PlyCount "60"]
[EventDate "2010.10.02"]

1. e4 e5 2. Nf3 Nc6 3. Bb5 a6 4. Ba4 Nf6 5. O-O b5 6. Bb3 Bb7 7. c3 Nxe4 8. d4
exd4 9. Re1 d5 10. Ng5 Qf6 11. Bxd5 Qxf2+ 12. Kh1 O-O-O 13. Nxe4 Qf5 14. Bxc6
Bxc6 15. Ng3 Qf2 16. Rg1 dxc3 17. Qg4+ Kb8 18. Nxc3 Bc5 19. Bf4 Qxb2 20. Nge2
Bxg1 21. Rxg1 Rhe8 22. h3 Re6 23. Rb1 Qc2 24. Rc1 Qg6 25. Qxg6 Rxg6 26. Bg3 Rd2
27. Kh2 Kb7 28. Rf1 Rf6 29. Rb1 Re6 30. Nf4 g5 0-1

[Event "First Saturday 2010 oktober GM"]
[Site "Budapest"]
[Date "2010.10.02"]
[Round "1"]
[White "Bui, Vinh"]
[Black "Czebe, Attila"]
[Result "1/2-1/2"]
[WhiteElo "2449"]
[BlackElo "2479"]
[PlyCount "40"]
[EventDate "2010.10.02"]

1. d4 Nf6 2. c4 g6 3. Nc3 Bg7 4. e4 d6 5. Be2 O-O 6. Nf3 Nbd7 7. O-O e5 8. Qc2
c6 9. Rd1 Qe7 10. Rb1 Re8 11. d5 c5 12. a3 Nh5 13. b4 b6 14. g3 h6 15. Be3 Nhf6
16. Kg2 Rf8 17. Re1 Ng4 18. Bd2 Ngf6 19. Be3 Ng4 20. Bd2 Ngf6 1/2-1/2

[Event "First Saturday 2010 oktober GM"]
[Site "Budapest"]
[Date "2010.10.02"]
[Round "1"]
[White "Neelotpal, Das"]
[Black "Antal, Gergely"]
[Result "1-0"]
[WhiteElo "2454"]
[BlackElo "2526"]
[PlyCount "119"]
[EventDate "2010.10.02"]

1. d4 Nf6 2. c4 g6 3. Nc3 d5 4. cxd5 Nxd5 5. Bd2 Bg7 6. e4 Nb6 7. Be3 O-O 8. h3
f5 9. Qb3+ Kh8 10. exf5 Bxf5 11. Nf3 a5 12. Be2 Nc6 13. O-O Nb4 14. Ne5 Qe8 15.
Rac1 Nc2 16. Bb5 c6 17. Bxc6 bxc6 18. Qxb6 Rb8 19. Qxa5 Rxb2 20. Qc5 Be6 21.
Nd1 Nxe3 22. Nxe3 Bxa2 23. Nxc6 e6 24. Qa3 Re2 25. Qd3 Rb2 26. Qa3 Re2 27. Ne5
Qd8 28. Ra1 Bd5 29. Qc5 Qc8 30. Qd6 Qb8 31. Qd7 Qe8 32. Qd6 Qb8 33. Qe7 Ba2 34.
Rxa2 Rxa2 35. Qxe6 Ra7 36. Nd7 Re8 37. Nxb8 Rxe6 38. d5 Rd6 39. Nc6 Rc7 40. f4
Bc3 41. Rd1 Kg7 42. Rd3 Bb2 43. Nc4 Bd4+ 44. Rxd4 Rcxc6 45. Nxd6 Rxd6 46. Kf2
Kf6 47. Ke3 Ke7 48. Ke4 Ra6 49. Ke5 Ra2 50. d6+ Kd7 51. g4 Ra3 52. h4 Rh3 53.
f5 gxf5 54. gxf5 Re3+ 55. Kf6 Rf3 56. Kg5 Rf1 57. h5 Rf2 58. Rd5 Ra2 59. Kh6
Ra7 60. f6 1-0

[Event "First Saturday 2010 oktober GM"]
[Site "Budapest"]
[Date "2010.10.03"]
[Round "2"]
[White "Banusz, Tamas"]
[Black "Antal, Gergely"]
[Result "1/2-1/2"]
[WhiteElo "2550"]
[BlackElo "2526"]
[PlyCount "87"]
[EventDate "2010.10.02"]

1. d4 f5 2. g3 Nf6 3. Bg2 e6 4. Nf3 d5 5. c4 c6 6. O-O Bd6 7. b3 Qe7 8. Bb2 O-O
9. Qc2 Nbd7 10. Ne5 a5 11. a4 Ne4 12. Nd3 Qg5 13. Ba3 Bxa3 14. Rxa3 Ndf6 15. f4
Qh5 16. Ne5 Nd6 17. e3 Qe8 18. Nd2 Bd7 19. c5 Nf7 20. Nxf7 Qxf7 21. Rb1 Qe7 22.
b4 axb4 23. Rxb4 b5 24. Qb3 bxa4 25. Raxa4 Rfc8 26. Rxa8 Rxa8 27. Rb8+ Rxb8 28.
Qxb8+ Qe8 29. Qa7 Qc8 30. Bf3 Ne8 31. Nb3 Nc7 32. Be2 Kf8 33. Na5 Ke7 34. h3 g6
35. g4 fxg4 36. hxg4 g5 37. fxg5 e5 38. Bd3 exd4 39. exd4 Kf8 40. Qb6 Ne6 41.
Bf5 Qe8 42. Bxe6 Qxe6 43. Qd8+ Kg7 44. Kf2 1/2-1/2

[Event "First Saturday 2010 oktober GM"]
[Site "Budapest"]
[Date "2010.10.03"]
[Round "2"]
[White "Czebe, Attila"]
[Black "Neelotpal, Das"]
[Result "1/2-1/2"]
[WhiteElo "2479"]
[BlackElo "2454"]
[PlyCount "39"]
[EventDate "2010.10.02"]

1. e4 c5 2. Nf3 Nc6 3. d4 cxd4 4. Nxd4 Nf6 5. Nc3 e5 6. Ndb5 d6 7. Bg5 a6 8.
Na3 b5 9. Bxf6 gxf6 10. Nd5 Bg7 11. Bd3 Ne7 12. Nxe7 Qxe7 13. c4 f5 14. O-O O-O
15. Qe2 Bb7 16. f3 fxe4 17. fxe4 f5 18. cxb5 fxe4 19. Bxe4 d5 20. bxa6 1/2-1/2

[Event "First Saturday 2010 oktober GM"]
[Site "Budapest"]
[Date "2010.10.03"]
[Round "2"]
[White "Lorand, Norbert"]
[Black "Bui, Vinh"]
[Result "1/2-1/2"]
[WhiteElo "2369"]
[BlackElo "2449"]
[PlyCount "27"]
[EventDate "2010.10.02"]

1. e4 e6 2. d4 d5 3. exd5 exd5 4. Bd3 Nc6 5. c3 Bd6 6. h3 Nge7 7. Ne2 Be6 8.
Bf4 Qd7 9. Nd2 Bf5 10. Bxf5 Nxf5 11. Nf3 O-O 12. O-O Rfe8 13. Bxd6 Qxd6 14. Qd2
1/2-1/2

[Event "First Saturday 2010 oktober GM"]
[Site "Budapest"]
[Date "2010.10.03"]
[Round "2"]
[White "Wittmann, Walter"]
[Black "Kislik, Erik A"]
[Result "1-0"]
[WhiteElo "2303"]
[BlackElo "2357"]
[PlyCount "41"]
[EventDate "2010.10.02"]

1. e4 e5 2. Nf3 Nc6 3. Bb5 Nf6 4. O-O Nxe4 5. d4 Nd6 6. dxe5 Nxb5 7. a4 Nd6 8.
Bg5 f6 9. Re1 fxg5 10. exd6+ Kf7 11. Qd5+ Kg6 12. Re5 h6 13. Qe4+ Kf7 14. Rf5+
Kg8 15. Qd5+ Kh7 16. Nxg5+ hxg5 17. Ra3 Ne5 18. Rxe5 Bxd6 19. Rh3+ Kg6 20. Qe4+
Kf7 21. Rf5+ 1-0

[Event "First Saturday 2010 oktober GM"]
[Site "Budapest"]
[Date "2010.10.03"]
[Round "2"]
[White "Natsidis, Christoph"]
[Black "Hagen, Andreas"]
[Result "1/2-1/2"]
[WhiteElo "2318"]
[BlackElo "2311"]
[PlyCount "66"]
[EventDate "2010.10.02"]

1. d4 Nf6 2. Nf3 d5 3. c4 e6 4. g3 Be7 5. Bg2 O-O 6. O-O dxc4 7. Nc3 Nc6 8. e3
Rb8 9. Qa4 Nb4 10. Ne5 a6 11. a3 Nd3 12. Nxd3 cxd3 13. Qd1 c5 14. Qxd3 b5 15.
Rd1 Bb7 16. dxc5 Bxg2 17. Kxg2 Bxc5 18. b4 Be7 19. Qxd8 Rfxd8 20. Bb2 Kf8 21.
Kf3 Ke8 22. h3 Rxd1 23. Rxd1 Rc8 24. Ne2 Rc6 25. Bd4 g6 26. Rc1 Kd7 27. e4 Ne8
28. Rxc6 Kxc6 29. Nc1 Nd6 30. Nd3 Nc4 31. Ne5+ Nxe5+ 32. Bxe5 f6 33. Bc3 e5
1/2-1/2

[Event "First Saturday 2010 oktober GM"]
[Site "Budapest"]
[Date "2010.10.04"]
[Round "3"]
[White "Hagen, Andreas"]
[Black "Banusz, Tamas"]
[Result "0-1"]
[WhiteElo "2311"]
[BlackElo "2550"]
[PlyCount "162"]
[EventDate "2010.10.02"]

1. e4 e5 2. Nf3 Nc6 3. Bb5 a6 4. Ba4 Nf6 5. O-O Be7 6. Re1 b5 7. Bb3 d6 8. c3
O-O 9. h3 Na5 10. Bc2 c5 11. d4 Qc7 12. Nbd2 Rd8 13. b3 Bd7 14. d5 g6 15. Nf1
Nh5 16. g4 Nf4 17. Bxf4 exf4 18. Qd2 Bf6 19. Rad1 Re8 20. Qxf4 Bxc3 21. e5 Bxe5
22. Rxe5 Rxe5 23. Nxe5 dxe5 24. d6 Qd8 25. Qxe5 Nc6 26. Qxc5 Qh4 27. Rd3 Qf6
28. Bd1 Rc8 29. Qe3 Re8 30. Qd2 Ne5 31. Rc3 b4 32. Rg3 Bc6 33. f4 Nd7 34. Qxb4
Re4 35. Qc3 Rxf4 36. Qxf6 Rxf6 37. Be2 a5 38. Rd3 Bb5 39. Rd2 Bxe2 40. Rxe2
Rxd6 41. Re8+ Kg7 42. Ra8 Rd5 43. Ne3 Rd3 44. Nc4 Rxh3 45. Kg2 Rc3 46. Rxa5 Nf6
47. Ne5 h5 48. gxh5 Nxh5 49. Ra7 Nf4+ 50. Kh2 Kf6 51. Nxf7 Rd3 52. Kg1 g5 53.
Nh6 Kg6 54. Ra6+ Kh5 55. Nf7 Rd2 56. b4 Nh3+ 57. Kh1 Kh4 58. Nxg5 Nxg5 59. Kg1
Nf3+ 60. Kf1 Rb2 61. a3 Kg3 62. Rg6+ Kf4 63. Rf6+ Ke3 64. Re6+ Kd3 65. Rf6 Nd2+
66. Kg1 Ke3 67. Re6+ Ne4 68. Re8 Ra2 69. Ra8 Ng5 70. Kf1 Rf2+ 71. Ke1 Nf3+ 72.
Kd1 Rd2+ 73. Kc1 Nd4 74. Rh8 Ne2+ 75. Kb1 Kd3 76. Rh3+ Kc4 77. b5 Nc3+ 78. Kc1
Rg2 79. Rh4+ Kb3 80. Rb4+ Kxa3 81. b6 Kxb4 0-1

[Event "First Saturday 2010 oktober GM"]
[Site "Budapest"]
[Date "2010.10.04"]
[Round "3"]
[White "Kislik, Erik A"]
[Black "Natsidis, Christoph"]
[Result "1/2-1/2"]
[WhiteElo "2357"]
[BlackElo "2318"]
[PlyCount "31"]
[EventDate "2010.10.02"]

1. e4 c5 2. Nf3 d6 3. d4 cxd4 4. Nxd4 Nf6 5. Nc3 a6 6. Be2 e6 7. O-O Qc7 8. f4
b5 9. Bd3 Bb7 10. a3 Nbd7 11. Qe1 Be7 12. Kh1 O-O 13. Bd2 Rac8 14. Rd1 Nc5 15.
b4 Nxd3 16. cxd3 1/2-1/2

[Event "First Saturday 2010 oktober GM"]
[Site "Budapest"]
[Date "2010.10.04"]
[Round "3"]
[White "Bui, Vinh"]
[Black "Wittmann, Walter"]
[Result "1/2-1/2"]
[WhiteElo "2449"]
[BlackElo "2303"]
[PlyCount "89"]
[EventDate "2010.10.02"]

1. Nf3 d5 2. b3 Bg4 3. Bb2 Nd7 4. c4 e6 5. e3 c6 6. h3 Bf5 7. Be2 h6 8. O-O
Ngf6 9. Nc3 Be7 10. Re1 O-O 11. Bf1 Nc5 12. d3 dxc4 13. e4 Bh7 14. bxc4 Qa5 15.
e5 Ne8 16. d4 Rd8 17. Re3 Nc7 18. Qc1 Na4 19. Ba3 c5 20. Nxa4 Qxa4 21. Rb3 Qc6
22. Bd3 Bxd3 23. Rxd3 b5 24. Qc2 b4 25. Bb2 a5 26. Rad1 Rd7 27. a3 Rfd8 28.
axb4 axb4 29. Qb3 Qe4 30. Re1 Qb7 31. Red1 Qe4 32. R3d2 Qb7 33. dxc5 Rxd2 34.
Rxd2 Rxd2 35. Nxd2 Na6 36. Qa4 Nxc5 37. Qe8+ Bf8 38. Bd4 Ne4 39. Nb3 Qc7 40. c5
Nc3 41. Kh1 Ne2 42. Bb2 Nc3 43. f4 Qa7 44. Kh2 Qa6 45. c6 1/2-1/2

[Event "First Saturday 2010 oktober GM"]
[Site "Budapest"]
[Date "2010.10.04"]
[Round "3"]
[White "Neelotpal, Das"]
[Black "Lorand, Norbert"]
[Result "1-0"]
[WhiteElo "2454"]
[BlackElo "2369"]
[PlyCount "67"]
[EventDate "2010.10.02"]

1. d4 Nf6 2. c4 g6 3. Nc3 d5 4. cxd5 Nxd5 5. Bd2 Bg7 6. e4 Nb6 7. Be3 O-O 8. h3
e5 9. Nf3 exd4 10. Bxd4 Qe7 11. Bxg7 Kxg7 12. Qd4+ f6 13. Qe3 Nc6 14. Bb5 Nb4
15. Rc1 a6 16. Be2 Be6 17. b3 Nc6 18. O-O Rad8 19. Rfe1 Rfe8 20. Bf1 Bf7 21.
Nh2 h5 22. Nf3 Rd6 23. Qf4 Ne5 24. Nh4 Kh7 25. Qg3 Rd7 26. f4 Nc6 27. e5 Nd4
28. Ne4 fxe5 29. fxe5 Nd5 30. Rc4 Nf5 31. Nxf5 gxf5 32. Ng5+ Kh6 33. e6 Qc5+
34. Kh1 1-0

[Event "First Saturday 2010 oktober GM"]
[Site "Budapest"]
[Date "2010.10.04"]
[Round "3"]
[White "Antal, Gergely"]
[Black "Czebe, Attila"]
[Result "1-0"]
[WhiteElo "2526"]
[BlackElo "2479"]
[PlyCount "87"]
[EventDate "2010.10.02"]

1. e4 d5 2. exd5 Qxd5 3. Nc3 Qd6 4. d4 Nf6 5. Nf3 g6 6. Bc4 Bg7 7. O-O O-O 8.
Ne5 c6 9. Bf4 Nh5 10. Be3 Nd7 11. Ne4 Qc7 12. Nxf7 Nb6 13. Nh6+ Kh8 14. Bb3 Nd5
15. Bg5 Nhf6 16. Ng3 e5 17. c4 Nf4 18. Qd2 Ng4 19. Nxg4 Bxg4 20. h3 Be6 21. d5
cxd5 22. cxd5 Qd7 23. Ne4 Bf5 24. f3 h6 25. Bh4 g5 26. Bf2 Nxg2 27. Nc5 Qc8 28.
Kxg2 Bxh3+ 29. Kg1 Rxf3 30. Ne6 Qd7 31. Be3 Bxf1 32. Rxf1 Rg3+ 33. Kh1 Qe8 34.
Bg1 Qh5+ 35. Bh2 Rf3 36. Rxf3 Qxf3+ 37. Qg2 Qe3 38. Bg3 e4 39. d6 Qc1+ 40. Kh2
Qxb2 41. Bc2 Qb4 42. Nxg7 Kxg7 43. Be5+ Kf8 44. Qf2+ 1-0

[Event "First Saturday 2010 oktober GM"]
[Site "Budapest"]
[Date "2010.10.05"]
[Round "4"]
[White "Lorand, Norbert"]
[Black "Antal, Gergely"]
[Result "0-1"]
[WhiteElo "2369"]
[BlackElo "2526"]
[PlyCount "120"]
[EventDate "2010.10.02"]

1. e4 c5 2. Nf3 Nc6 3. d4 cxd4 4. Nxd4 Nf6 5. Nc3 e5 6. Ndb5 d6 7. Bg5 a6 8.
Na3 Be6 9. Nc4 Rb8 10. Be2 Nd4 11. Ne3 Be7 12. Bxf6 Bxf6 13. Ncd5 Bg5 14. Bd3
O-O 15. c3 Nc6 16. O-O Ne7 17. Bc4 Nxd5 18. Nxd5 Kh8 19. Kh1 f5 20. exf5 Bxf5
21. f4 b5 22. Bb3 Bh6 23. fxe5 dxe5 24. Qe2 Qg5 25. Qxe5 Rbe8 26. Qd4 Re2 27.
Rf2 Rxf2 28. Qxf2 g6 29. Re1 Bg7 30. Qe3 Qh4 31. Qg3 Qd8 32. Qc7 Qg5 33. Qf4
Qd8 34. Qc7 a5 35. Qxd8 Rxd8 36. a4 Bd7 37. axb5 Bxb5 38. Nc7 Bc6 39. Rd1 Rb8
40. Ne6 Bf6 41. Rf1 Bg7 42. Rd1 Bf6 43. Rf1 Be5 44. Bc4 a4 45. Ng5 Rxb2 46.
Rf8+ Kg7 47. Rf7+ Kh6 48. h4 Bxg2+ 49. Kg1 Bh2+ 50. Kxh2 Bd5+ 51. Kg3 Bxf7 52.
Nxf7+ Kg7 53. Nd6 a3 54. Ne4 a2 55. Bxa2 Rxa2 56. Kf4 Rc2 57. h5 gxh5 58. Kg5
Rh2 59. c4 h6+ 60. Kf5 Rg2 0-1

[Event "First Saturday 2010 oktober GM"]
[Site "Budapest"]
[Date "2010.10.05"]
[Round "4"]
[White "Wittmann, Walter"]
[Black "Neelotpal, Das"]
[Result "1/2-1/2"]
[WhiteElo "2303"]
[BlackElo "2454"]
[PlyCount "34"]
[EventDate "2010.10.02"]

1. e4 c5 2. Nf3 e6 3. d4 cxd4 4. Nxd4 a6 5. Nc3 Qc7 6. Bd3 Nf6 7. f4 d6 8. O-O
b5 9. Qe2 Nbd7 10. Bd2 Bb7 11. b4 g6 12. Nb3 Bg7 13. Na5 O-O 14. a4 bxa4 15.
Rxa4 Bc8 16. Kh1 Re8 17. Ra3 Nb6 1/2-1/2

[Event "First Saturday 2010 oktober GM"]
[Site "Budapest"]
[Date "2010.10.05"]
[Round "4"]
[White "Hagen, Andreas"]
[Black "Kislik, Erik A"]
[Result "0-1"]
[WhiteElo "2311"]
[BlackElo "2357"]
[PlyCount "82"]
[EventDate "2010.10.02"]

1. d4 Nf6 2. c4 g6 3. Nc3 d5 4. cxd5 Nxd5 5. e4 Nxc3 6. bxc3 Bg7 7. Bc4 c5 8.
Ne2 O-O 9. O-O Nc6 10. Be3 b6 11. dxc5 Qc7 12. Nd4 Ne5 13. Nb5 Qb8 14. Be2 a6
15. Na3 bxc5 16. Bxc5 Qc7 17. Bd4 Rd8 18. Qc1 Ng4 19. Bxg4 Bxg4 20. Qe3 Rab8
21. e5 Rd5 22. f4 Bf5 23. Qe2 h5 24. h3 Rc8 25. Rfd1 Rxd4 26. cxd4 Qc3 27. Qf3
Qxf3 28. gxf3 Rc3 29. Nb1 Rxf3 30. a4 Rxf4 31. Nc3 Rf3 32. Nd5 Bf8 33. Nc7 a5
34. Rac1 Bh6 35. Nd5 Be4 36. Nxe7+ Kf8 37. Rc7 Be3+ 38. Kg2 Rf2+ 39. Kg3 h4+
40. Kxh4 Rg2 41. Nxg6+ Bxg6 0-1

[Event "First Saturday 2010 oktober GM"]
[Site "Budapest"]
[Date "2010.10.06"]
[Round "5"]
[White "Kislik, Erik A"]
[Black "Banusz, Tamas"]
[Result "0-1"]
[WhiteElo "2357"]
[BlackElo "2550"]
[PlyCount "128"]
[EventDate "2010.10.02"]

1. e4 e5 2. Nf3 Nc6 3. Bb5 a6 4. Ba4 Nf6 5. O-O Be7 6. Re1 b5 7. Bb3 d6 8. c3
O-O 9. h3 Na5 10. Bc2 c5 11. d4 Nd7 12. d5 Nb6 13. Nbd2 g6 14. Nf1 c4 15. Bh6
Re8 16. g4 Nb7 17. Ng3 Nc5 18. Qd2 Bf8 19. Bg5 f6 20. Be3 a5 21. Kh2 Kh8 22.
Rg1 Rb8 23. Rg2 Rb7 24. Rh1 b4 25. Qd1 Bd7 26. Ne2 Qc8 27. Rhg1 b3 28. axb3
cxb3 29. Bb1 Nc4 30. Bxc5 dxc5 31. Qc1 a4 32. Nh4 Rb6 33. Bd3 Nxb2 34. Qxb2 c4
35. Bb1 a3 36. Qd2 Ra6 37. Nc1 Qc5 38. Nf3 Rea8 39. Na2 bxa2 40. Bxa2 Rb6 41.
Ra1 Rb2 42. Qe1 Bh6 43. g5 Bxg5 44. Nxg5 fxg5 45. Qe3 Qxe3 46. fxe3 Rab8 47.
Bxc4 Rc8 48. Rxa3 Rxg2+ 49. Kxg2 Rxc4 50. Ra7 Bc8 51. d6 Rxc3 52. Re7 Kg8 53.
Rxe5 Kf8 54. Re7 h5 55. Rh7 Rc2+ 56. Kg3 h4+ 57. Kf3 Bxh3 58. d7 Rd2 59. Rh8+
Ke7 60. Rg8 Kxd7 61. Rxg6 g4+ 62. Kf4 g3 63. Kg5 g2 64. Kxh4 Rd1 0-1

[Event "First Saturday 2010 oktober GM"]
[Site "Budapest"]
[Date "2010.10.06"]
[Round "5"]
[White "Bui, Vinh"]
[Black "Hagen, Andreas"]
[Result "1-0"]
[WhiteElo "2449"]
[BlackElo "2311"]
[PlyCount "99"]
[EventDate "2010.10.02"]

1. d4 Nf6 2. c4 e6 3. Nf3 b6 4. Bg5 Bb7 5. Nc3 h6 6. Bh4 Be7 7. Qc2 c5 8. Rd1
cxd4 9. Nxd4 a6 10. e4 Qc7 11. Bg3 d6 12. Be2 Nbd7 13. f4 h5 14. O-O h4 15. Bf2
h3 16. g3 g6 17. Qb1 Kf8 18. Rc1 Re8 19. b4 Bd8 20. Rfd1 Qb8 21. Bf3 Qa8 22.
Nde2 Bc7 23. Rd2 Nh5 24. g4 Ng7 25. Ng3 d5 26. Nce2 dxe4 27. Rxd7 exf3 28. Rxc7
fxe2 29. c5 Qd8 30. Rxb7 Qd5 31. Qe4 Qd1+ 32. Be1 Qxc1 33. Kf2 bxc5 34. Nxe2
Qd1 35. bxc5 Rh4 36. Qf3 Rd8 37. c6 Rd3 38. Qxd3 Qxd3 39. c7 Ne8 40. c8=Q Rxg4
41. Bb4+ Kg7 42. Qc3+ Qxc3 43. Bxc3+ Kf8 44. Rb8 Rg2+ 45. Kf3 Rxh2 46. Bb4+ Kg7
47. Rxe8 Rxe2 48. Kxe2 h2 49. Bc3+ f6 50. Bxf6+ 1-0

[Event "First Saturday 2010 oktober GM"]
[Site "Budapest"]
[Date "2010.10.06"]
[Round "5"]
[White "Neelotpal, Das"]
[Black "Natsidis, Christoph"]
[Result "1/2-1/2"]
[WhiteElo "2454"]
[BlackElo "2318"]
[PlyCount "175"]
[EventDate "2010.10.02"]

1. d4 Nf6 2. c4 e6 3. g3 d5 4. Nf3 dxc4 5. Bg2 a6 6. Ne5 c5 7. Na3 cxd4 8.
Naxc4 Nd5 9. Qxd4 f6 10. Nd3 Nc6 11. Qh4 Be7 12. O-O O-O 13. Rd1 f5 14. Qh5 Nf6
15. Qh3 Qd4 16. Nce5 Nxe5 17. Be3 Qg4 18. Nxe5 Qxe2 19. Bf1 Qc2 20. Rac1 Qa4
21. Bc4 Qb4 22. Bb3 Qb5 {after 65 move} 23. Rc7 Re8 24. Nf3 Nd5 25. Nd4 Qxb3
26. axb3 Nxc7 27. Bf4 Nd5 28. Be5 Bf6 29. Nf3 Be7 30. Ng5 Bxg5 31. Qh5 Rf8 32.
Qxg5 Rf7 33. Qd8+ Rf8 34. Qg5 Rf7 35. Qd8+ Rf8 36. Qd6 Rf7 37. g4 fxg4 38. Qd8+
Rf8 39. Qg5 Rf7 40. Rd4 Bd7 41. Rxg4 g6 42. Rh4 Ne7 43. Bc3 Nf5 44. Re4 Re8 45.
Re1 Bc6 46. h4 Bf3 47. Qf4 Ng7 48. Qd4 h5 49. Qe3 Bg4 50. Qg5 Kh7 51. Re4 Ref8
52. Qe5 Bf5 53. Rc4 Kg8 54. Rc7 Rxc7 55. Qxc7 Rf7 56. Qd8+ Rf8 57. Qd7 Rf7 58.
Qc8+ Kh7 59. Be5 Bh3 60. f4 Bf5 61. Kf2 Bg4 62. Ke1 Bf5 63. Kd2 Bg4 64. Kc3 Bf5
65. Kb4 Bg4 66. Ka5 Bh3 67. Kb6 Bg4 68. b4 Bf5 69. Ka7 Bg4 70. Kb6 Bf5 71. b5
axb5 72. Kxb5 Bg4 73. Kb6 Bf5 74. b4 Bg4 75. b5 Bf3 76. Ka7 Bg4 77. b6 Bf5 78.
Qc7 Kg8 79. Qd8+ Kh7 80. Qc8 Be4 81. Bxg7 Rxg7 82. Qxe6 Bf5 83. Qe5 Rf7 84. Kb8
Kg8 85. Ka7 Kh7 86. Kb8 Kg8 87. Ka7 Kh7 88. Kb8 1/2-1/2

[Event "First Saturday 2010 oktober GM"]
[Site "Budapest"]
[Date "2010.10.06"]
[Round "5"]
[White "Antal, Gergely"]
[Black "Wittmann, Walter"]
[Result "1-0"]
[WhiteElo "2526"]
[BlackElo "2303"]
[PlyCount "41"]
[EventDate "2010.10.02"]

1. e4 c5 2. Nf3 d6 3. c3 Nf6 4. Bd3 Nc6 5. Bc2 Bg4 6. h3 Bh5 7. d4 cxd4 8. cxd4
d5 9. e5 Ne4 10. e6 fxe6 11. g4 Bf7 12. Nc3 h5 13. Nxe4 dxe4 14. Bxe4 hxg4 15.
Ng5 e5 16. Nxf7 Kxf7 17. Qb3+ Kf6 18. h4 g6 19. Qxb7 Nxd4 20. Qxa8 Nc2+ 21. Ke2
1-0

[Event "First Saturday 2010 oktober GM"]
[Site "Budapest"]
[Date "2010.10.06"]
[Round "5"]
[White "Czebe, Attila"]
[Black "Lorand, Norbert"]
[Result "1-0"]
[WhiteElo "2479"]
[BlackElo "2369"]
[PlyCount "71"]
[EventDate "2010.10.02"]

1. c4 Nf6 2. d4 g6 3. g3 Bg7 4. Bg2 d6 5. Nc3 O-O 6. e4 Nbd7 7. Nge2 e5 8. d5
a5 9. O-O b6 10. h3 Nc5 11. Be3 Nfd7 12. Qd2 Ba6 13. b3 f5 14. f3 Rf7 15. Rae1
Bc8 16. f4 fxe4 17. Nxe4 Nxe4 18. Bxe4 exf4 19. Nxf4 Nc5 20. Bg2 Rb8 21. Bd4
Bh6 22. Qe2 Bxf4 23. Rxf4 Bf5 24. Ba1 h5 25. Rxf5 Rxf5 26. Qb2 Re5 27. Rxe5
dxe5 28. Qxe5 Qf8 29. Qh8+ Kf7 30. Qh7+ Ke8 31. Be5 Nd7 32. Qxg6+ Kd8 33. Bf4
Kc8 34. d6 c5 35. Bc6 Nf6 36. Qf5+ 1-0

[Event "First Saturday 2010 oktober GM"]
[Site "Budapest"]
[Date "2010.10.07"]
[Round "6"]
[White "Banusz, Tamas"]
[Black "Lorand, Norbert"]
[Result "1-0"]
[WhiteElo "2550"]
[BlackElo "2369"]
[PlyCount "99"]
[EventDate "2010.10.02"]

1. d4 Nf6 2. c4 g6 3. Nc3 Bg7 4. e4 d6 5. Nf3 O-O 6. Be2 e5 7. d5 Na6 8. Bg5 h6
9. Bh4 c5 10. O-O Nc7 11. Ne1 Qe8 12. a4 a5 13. Bxf6 Bxf6 14. Bg4 Bxg4 15. Qxg4
h5 16. Qe2 Qd7 17. Ra3 Rab8 18. Rb3 b6 19. Nc2 Bg7 20. Nb5 Ne8 21. g3 Nf6 22.
f3 Rfe8 23. Qg2 Re7 24. h4 Bh6 25. Kh2 Kf8 26. Qh3 Rb7 27. Qxd7 Rbxd7 28. Kh3
Bd2 29. Rd3 Bb4 30. Ne3 Kg7 31. Ng2 Kh7 32. Rf2 Kg7 33. Re3 Rd8 34. Ree2 Rdd7
35. Rf1 Rd8 36. g4 Rdd7 37. g5 Ne8 38. f4 exf4 39. Nxf4 Kg8 40. Nd3 Ng7 41.
Rff2 Rd8 42. e5 dxe5 43. d6 Re6 44. Nxe5 Nf5 45. Nc6 Rd7 46. Rxe6 fxe6 47. Ne5
Rd8 48. d7 Be1 49. Rxf5 exf5 50. Na7 1-0

[Event "First Saturday 2010 oktober GM"]
[Site "Budapest"]
[Date "2010.10.07"]
[Round "6"]
[White "Wittmann, Walter"]
[Black "Czebe, Attila"]
[Result "1/2-1/2"]
[WhiteElo "2303"]
[BlackElo "2479"]
[PlyCount "136"]
[EventDate "2010.10.02"]

1. e4 g6 2. d4 Bg7 3. Nf3 c6 4. Nc3 d5 5. h3 Nf6 6. Bd3 dxe4 7. Nxe4 Nxe4 8.
Bxe4 O-O 9. O-O Nd7 10. c3 Qc7 11. Re1 Nf6 12. Bc2 Be6 13. Ne5 Bd5 14. Qe2 h6
15. Nf3 Bxf3 16. Qxf3 Nd5 17. h4 Rfe8 18. Bb3 Rad8 19. Bd2 e6 20. Rad1 Qe7 21.
g3 b5 22. Bf4 Qf6 23. Bxd5 Rxd5 24. Qe3 Kh7 25. Be5 Qf5 26. Bxg7 Kxg7 27. Rd2
Red8 28. Rde2 c5 29. dxc5 Rxc5 30. Rd2 Rxd2 31. Qxd2 Rd5 32. Qe2 a6 33. c4 Rc5
34. cxb5 axb5 35. b3 Kh7 36. Qe4 Rc1 37. Kg2 Rxe1 38. Qxe1 Qd5+ 39. Kg1 Qd4 40.
Qa5 b4 41. Qc7 Kg7 42. Qe7 Qc3 43. Kg2 h5 44. Kg1 e5 45. Kg2 Qc6+ 46. Kg1 Qe4
47. Qd6 Qd4 48. Qe7 e4 49. Kg2 Qd5 50. Kh2 Qf5 51. Kg1 Kh7 52. Qxb4 e3 53. Qe1
exf2+ 54. Qxf2 Qd5 55. Kh2 Kg8 56. b4 Qb5 57. a3 Qc4 58. Qb2 Qb5 59. Qc2 Qb7
60. Qd3 Qb6 61. b5 Qf2+ 62. Kh1 Kg7 63. a4 Kg8 64. Qe4 Qxg3 65. b6 Qf2 66. b7
Qf1+ 67. Kh2 Qf2+ 68. Kh3 Qf1+ 1/2-1/2

[Event "First Saturday 2010 oktober GM"]
[Site "Budapest"]
[Date "2010.10.07"]
[Round "6"]
[White "Natsidis, Christoph"]
[Black "Antal, Gergely"]
[Result "1/2-1/2"]
[WhiteElo "2318"]
[BlackElo "2526"]
[PlyCount "87"]
[EventDate "2010.10.02"]

1. d4 f5 2. c4 Nf6 3. Nc3 e6 4. Nf3 d5 5. Bf4 c6 6. e3 Be7 7. Qc2 Ne4 8. Bd3
Nd7 9. cxd5 exd5 10. h3 Qa5 11. O-O O-O 12. Rab1 Bb4 13. Rfc1 Be7 14. Bh2 Qd8
15. b4 a6 16. a4 Rf6 17. b5 axb5 18. axb5 Rg6 19. Ne2 Rh6 20. bxc6 bxc6 {
after 26 move} 21. Ra1 Rxa1 22. Rxa1 g5 23. Ne5 c5 24. dxc5 Nxe5 25. Bxe5 Rc6
26. Bd4 Bxc5 27. Bxe4 Bxd4 28. Qxc6 Bxa1 29. Bxd5+ Kg7 30. Nd4 f4 31. Ne6+ Bxe6
32. Qxe6 fxe3 33. fxe3 Qf6 34. Qd7+ Kh6 35. Be4 Qg7 36. Qe8 Qe5 37. Qf8+ Qg7
38. Qf5 Qc7 39. Qe6+ Kg7 40. Bc6 Qe5 41. Qd7+ Kh6 42. Qd2 Bc3 43. Qe2 Bb4 44.
Bf3 1/2-1/2